Torschützenkönige in der Geschichte von Paris Saint-Germain - Statistiken

Allgemein
  • Dieses Quiz wurde 45 mal gespielt
  • Das Durchschnittsergebnis liegt bei 4 aus 10
Antwortstatistiken
Tore Nationalität Spieler % Korrekt
246 Frankreich Kylian Mbappé
98%
156 Schweden Zlatan Ibrahimović
95%
200 Uruguay Edinson Cavani
93%
118 Brasilien Neymar
84%
93 Argentinien Ángel Di María
51%
109 Portugal Pauleta
9%
100 Frankreich Dominique Rocheteau
0%
87 Republik Kongo François M'Pelé
0%
98 Algerien Mustapha Dahleb
0%
85 Bosnien und Herzegowina Safet Susic
0%
Keine übereinstimmenden Quizze gefunden
Verteilung der Resultate
Anzahl Personen mit jedem Resultat
Perzentil nach korrekt beantworteten Fragen
Ihre Resultats-Entwicklung
Sie haben dieses Quiz noch nicht gespielt